000 00303 a2200145 4500
001 45702
020 _a
040 _cAnchieta - Aquarius
240 1 0 _aO computador de Fátima
_lpor
245 1 0 _aO computador de Fátima
300 _a
362 0 _a0
650 4 _aLiteratura infantil
942 _cBK
999 _c45702
_d45702